| 000 | 00000nam##2200000za#4500 |
| 001 | 9.647813 |
| 003 | CaOODSP |
| 005 | 20200330132608 |
| 007 | ta |
| 008 | 150407|2000||||xxc||||| f|0| 0 eng|d |
| 020 | |a0-662-29201-4 |
| 040 | |aCaOODSP|beng |
| 043 | |an-cn--- |
| 086 | 1 |aF2-144/2000E |
| 110 | 1 |aCanada.|bDepartment of Finance.|bMinister of Finance. |
| 245 | 10|aLegislative proposals and explanatory notes on taxation of non-resident trusts and foreign investment entities / |cPublished by the Minister of Finance. |
| 260 | |aOttawa - Ontario : |bFinance Canada. |c2000. |
| 300 | |a181p. : |btables ; |c23 cm. |
| 563 | |aSoftcover |
| 590 | |a00-29|b2000-07-21 |
| 690 | 07|aIncome tax|2gcpds |
| 690 | 07|aForeign investments|2gcpds |
| 775 | 08|tPropositions législatives et notes explicatives concernant l'imposition des fiducies non-résidentes et des entités de placement étrangères / |w(CaOODSP)9.681195 |
| 776 | 0#|tLegislative proposals and explanatory notes on taxation of non-resident trusts and foreign investment entities / |w(CaOODSP)9.696519 |